<?xml version="1.0" encoding="UTF-8"?>
<record
    xmlns:xsi="http://www.w3.org/2001/XMLSchema-instance"
    xsi:schemaLocation="http://www.loc.gov/MARC21/slim http://www.loc.gov/standards/marcxml/schema/MARC21slim.xsd"
    xmlns="http://www.loc.gov/MARC21/slim">

  <leader>00493nam a2200145Ia 4500</leader>
  <controlfield tag="008">230917s9999||||xx |||||||||||||| ||und||</controlfield>
  <datafield tag="040" ind1=" " ind2=" ">
    <subfield code="e">201226</subfield>
    <subfield code="a">MAIN</subfield>
  </datafield>
  <datafield tag="041" ind1=" " ind2=" ">
    <subfield code="a">English</subfield>
  </datafield>
  <datafield tag="082" ind1=" " ind2=" ">
    <subfield code="a">891.43371109 RF298:PS</subfield>
  </datafield>
  <datafield tag="100" ind1=" " ind2=" ">
    <subfield code="a">&#x92A;&#x93E;&#x91F;&#x940;&#x932;, &#x938;&#x930;&#x94B;&#x91C;</subfield>
  </datafield>
  <datafield tag="245" ind1=" " ind2="0">
    <subfield code="a">&#x930;&#x947;&#x923;&#x941; &#x914;&#x930; &#x926;&#x93E;&#x902;&#x921;&#x947;&#x915;&#x930; &#x915;&#x947; &#x906;&#x902;&#x91A;&#x932;&#x93F;&#x915; &#x909;&#x92A;&#x928;&#x94D;&#x92F;&#x93E;&#x938;</subfield>
  </datafield>
  <datafield tag="260" ind1=" " ind2=" ">
    <subfield code="a">&#x928;&#x908; &#x926;&#x93F;&#x932;&#x94D;&#x932;&#x940;</subfield>
    <subfield code="b">&#x935;&#x93F;&#x926;&#x94D;&#x92F;&#x93E; &#x92A;&#x94D;&#x930;&#x915;&#x93E;&#x936;&#x928;</subfield>
    <subfield code="c">2010</subfield>
  </datafield>
  <datafield tag="300" ind1=" " ind2=" ">
    <subfield code="a">280 &#x92A;&#x943;. p.</subfield>
  </datafield>
  <datafield tag="942" ind1=" " ind2=" ">
    <subfield code="c">HN</subfield>
  </datafield>
  <datafield tag="952" ind1=" " ind2=" ">
    <subfield code="0">0</subfield>
    <subfield code="1">0</subfield>
    <subfield code="4">0</subfield>
    <subfield code="6">891_433711090000000_RF298PS</subfield>
    <subfield code="7">0</subfield>
    <subfield code="9">285636</subfield>
    <subfield code="a">MAIN</subfield>
    <subfield code="b">MAIN</subfield>
    <subfield code="d">2012-07-30</subfield>
    <subfield code="l">0</subfield>
    <subfield code="o">891.43371109 RF298:PS</subfield>
    <subfield code="p">315608</subfield>
    <subfield code="r">2023-09-17 21:46:27</subfield>
    <subfield code="w">2023-09-17</subfield>
    <subfield code="y">HN</subfield>
  </datafield>
  <datafield tag="999" ind1=" " ind2=" ">
    <subfield code="c">169171</subfield>
    <subfield code="d">169171</subfield>
  </datafield>
</record>
